Laik Cumhuriyetçi Çiftçi ve İşçi Fırkası (Record no. 8728)

MARC details
000 -BAŞLIK
Sabit Uzunlukta Kontrol Alanı 00940na a2200265 4500
001 - KONTROL NUMARASI
Denetim Alanı 21652
003 - KONTROL NUMARASI IDENTIFIER
Denetim Alanı MIRAKIL
005 - SON İŞLEM TARİHİ VE ZAMANI
Denetim Alanı 20181213155222.0
008 - SABİT-BOY VERİ ELEMANLARI - GENEL BİLGİLER
Sabit Uzunlukta Kontrol Alanı 170206b tu 000 0
035 ## - SİSTEM KONTROL NUMARASI
Sistem Kontrol Numarası 21087
040 ## - KATALOGLAMA KAYNAK
Orijinal Kataloglama Ajansı Milas
Kataloglama Dili tur
Metne Dönüştürmek Ajansı TR-AnCHP
041 ## - DİL KODU
Metin / Ses Parça Veya Ayrı Başlığın Dil Kodu tur
082 ## - DEWEY ONLU SINIFLANDIRMA NUMARASI
Sınıflandırma Numarası 324.237
Ürün Numarası L24 1931
090 ## - SINIFLAMA NUMARASI
Sınıflama Numarası 324.237 L24 1931
110 ## - ANA GİRİŞ - KURUMSAL ADI
Giriş Elemanı Olarak Kurumsal Ad Veya Yargı Alanı Adı Laik Cumhuriyetçi Çiftçi Ve İşçi Fırkası(LCÇİF)
245 ## - BAŞLIK TABLOSU
Başlık Laik Cumhuriyetçi Çiftçi ve İşçi Fırkası
260 ## - YAYIN, DAĞITIM, VB
Yayın, Dağıtım, Vb Yeri [y.y.]
Yayıncı, Dağıtıcı, Vs Adı LCÇİF
Yayın, Dağıtım, Vb Tarihi 1931
300 ## - FİZİKSEL TANIM
Kapsam [13] s.
Boyutlar 21 sm.
610 ## - KONU KATMA GİRİŞ - TOPLANTI ADI
Giriş Elemanı Olarak Kurumsal Ad Veya Yargı Alanı Adı Laik Cumhuriyetçi Çiftçi ve İşçi Fırkası (LCÇİF)
Genel Alt Bölüm Programlar, 1946
610 ## - KONU KATMA GİRİŞ - TOPLANTI ADI
Giriş Elemanı Olarak Kurumsal Ad Veya Yargı Alanı Adı Laik Cumhuriyetçi Çiftçi ve İşçi Fırkası (LCÇİF)
Genel Alt Bölüm Propaganda ve ideolojiler
650 ## - KONU KATMA GİRİŞ - TOPİKAL DÖNEM
Topikal Süreli Veya Coğrafi Ad Giriş Elemanı Solcu ve işçi partiler
Coğrafi Alt Bölümü Türkiye
710 ## - KATMA GİRİŞ - KURUMSAL ADI
Giriş Elemanı Olarak Kurumsal Ad Veya Yargı Alanı Adı Laik Cumhuriyetçi Çiftçi ve İşçi Fırkası (LCÇİF)
830 ## - SERİSİ EKLENDİ GİRİŞ - ÜNİFORM ADI
Üniforma Başlık Laik Cumhuriyetçi Çiftçi ve İşçi Fırkası
942 ## - EKLENDİ GİRİŞ ELEMANLARI (KOHA)
Sınıflandırma Veya Raf Düzeni Kaynak Dewey Decimal Classification
Koha Öğesi Türü Books
999 ## - SİSTEM KONTROL NUMARALARI (KOHA)
Koha Biblionumber 8728
Koha Biblioitemnumber 8728
Holdings
Kalıcı Konum Mevcut Konum Edinme Tarihi Edinim Kaynak Toplam Check-Out'Lar Tam Çağrı Numarası Barkod Tarih Son Görülme İtibaren Geçerli Fiyatlar Koha Öğesi Türü
CHP Kütüphanesi CHP Kütüphanesi 02/06/2017 Bağış   324.237 L24 1931 012858 02/06/2017 02/06/2017 Books